02262cam a22002894a 45000010005000000030006000050050017000110080041000280100017000690200015000860200018001010400023001190420008001420500022001500820021001721000027001932450212002202600053004323000025004855040050005105201253005606100043018136500021018566500032018776500027019097000036019363435FISKH20240305141556.0010117s2000 flu b 000 0 eng  a 2001016666 a1558748830 a9781558748835 aDLCcDLCdDLCbeng apcc00aLC268b.T554 200000a372/.01/14072211 aTillman, Diane,d1949-10aLiving Values, an Educational Program :beducator training guide /cdeveloped and written by Diane G. Tillman and Pilar Quera Colomina with special contributions from Carol Gill, Neil Hawkes, Peter Williams. aDeerfield Beach :bHealth Communications,c2000. a241 pages : c23 cm  aIncludes bibliographical references (p. 239). aAs pervasive violence shatters our nation, the call for values echoes through headlines and school hallways as educators, parents and children become increasingly concerned and affected. The Living Values series offers a variety of experiential activities for teachers and parents to help them teach children and young adults to develop twelve critical social values: cooperation, freedom, happiness, honesty, humility, love, peace, respect, responsibility, simplicity, tolerance and unity. In each book, these twelve values are explored using age-appropriate lessons that incorporate group discussions, reading, quiet reflection time, songs, artwork and action-oriented activities. These lessons are already in use in more than 1,000 locations in sixty-two countries. Pilot results indicate that students are enthusiastic and teachers report a decrease in aggressive behavior and more motivated students. The Living Values Educational Program was born when twenty educators from around the world gathered at UNICEF Headquarters in New York in 1996 to discuss the needs of children and how to better prepare students for lifelong success. These global educators identified the curriculum and the program was ready for piloting in February of 1997. 20aLiving Values, an Educational Program. 0aMoral education. 0aValuesxStudy and teaching. 0aTeachersxTraining of.1 aQuera Colomina, Pilar.eAuthor